LEADER 04132nam 2200709Ia 450 001 9910449816503321 005 20200520144314.0 010 $a1-280-71821-8 010 $a9786610718214 010 $a0-88936-824-4 035 $a(CKB)1000000000243758 035 $a(EBL)259215 035 $a(OCoLC)475975803 035 $a(SSID)ssj0000674941 035 $a(PQKBManifestationID)11404731 035 $a(PQKBTitleCode)TC0000674941 035 $a(PQKBWorkID)10668253 035 $a(PQKB)10140777 035 $a(MiAaPQ)EBC259215 035 $a(MiAaPQ)EBC3243382 035 $a(MiAaPQ)EBC4954204 035 $a(Au-PeEL)EBL259215 035 $a(CaPaEBR)ebr10120511 035 $a(OCoLC)935232527 035 $a(Au-PeEL)EBL4954204 035 $a(CaONFJC)MIL71821 035 $a(OCoLC)1027176307 035 $a(EXLCZ)991000000000243758 100 $a20001101d1996 uy 0 101 0 $aspa 135 $aur|n|---||||| 181 $ctxt 182 $cc 183 $acr 200 10$aMa?s alla? de la propiedad intelectual$b[electronic resource] $elos derechos de las comunidades indi?genas y locales a los recursos tradicionales /$fDarrell A. Posey y Graham Dutfield 210 $aOttawa $cCIID Canada$dc1996 215 $a1 online resource (345 p.) 300 $aDescription based upon print version of record. 311 $a1-55250-221-X 327 $aIndice; Prefacio; Reconocimientos; Introduccio?n; Capi?tulo 1¿Quie?n visita las comunidades, que? es lo que busca y por que??; Capi?tulo 2 ¿Hacia do?nde van el conocimiento y los recursos auto?ctonos?; Capi?tulo 3 ¿Quie?n se beneficia con los recursos tradicionales?; Capi?tulo 4 ¿Se informara? a la comunidad?; Capi?tulo 5 ¿Que? derecho tienen realmente las comunidades a aceptar o rechazar la comercializacio?n?; Capi?tulo 6 ¿Co?mo puede proceder judicialmente una comunidad?; Capi?tulo 7 Contratos y pactos; Capi?tulo 8 ¿Para que? sirven los derechos de propiedad intelectual? 327 $aCapi?tulo 9 ¿Las comunidades pueden crear su propio sistema para proteger los derechos a los recursos tradicionales?Capi?tulo 10 ¿Son u?tiles los acuerdos internacionales legalmente obligatorios?; Capi?tulo 11 ¿Co?mo pueden usar las comunidades el derecho inductivo y los instrumentos internacionales no obligatorios?; Capi?tulo 12 ¿Son u?tiles los instrumentos que no son oficiales ni juri?dicos?; Capi?tulo 13 ¿Por que? son importantes los fondos y las directrices en materia de financiamiento?; Capi?tulo 14 ¿Que? estrategias y soluciones creativas se han elaborado? 327 $aCapi?tulo 15 Hacia la proteccio?n, compensacio?n y desarrollo de la comunidadApe?ndices; Glosario; Abreviaturas y acro?nimos; Bibliografi?a; Gui?a de referencias; Indice por temas 330 $aMa?s alla? de la propiedad intelectual escuchae intenta dialogar con esa voz. Ofrece consejos sobre como los pueblos y comunidades indi?genas podrian aproximarse y manejar la miriada de temas que surgen alrededor de los derechos a los recursos tradicionales y al concepto - extran?o a sus culturas - de propiedad intelectual. Consecuentemente, este libro toma tambie?n uno de los temas ma?s controvertidos y explosivos de nuestra e?poca: el patentamiento dela vida. Busca dar una mirada compleja y multifa?cetica que aportea la reflexio?n de activistas, organizaciones de pueblos indi?genas, formuladores de po 606 $aIndigenous peoples$xLegal status, laws, etc 606 $aCultural property$xProtection 606 $aIntellectual property 606 $aEthnobiology 608 $aElectronic books. 615 0$aIndigenous peoples$xLegal status, laws, etc. 615 0$aCultural property$xProtection. 615 0$aIntellectual property. 615 0$aEthnobiology. 676 $a342.08 676 $a342.0872 700 $aPosey$b Darrell Addison$f1947-$01029938 801 0$bMiAaPQ 801 1$bMiAaPQ 801 2$bMiAaPQ 906 $aBOOK 912 $a9910449816503321 996 $aMa?s alla? de la propiedad intelectual$92448217 997 $aUNINA LEADER 01273nam a22003255i 4500 001 991002238219707536 007 cr nn 008mamaa 008 121227s1992 de | s |||| 0|eng d 020 $a9783540472674 035 $ab14142703-39ule_inst 040 $aBibl. Dip.le Aggr. Matematica e Fisica - Sez. Matematica$beng 082 04$a516.35$223 084 $aAMS 14-06 245 00$aCoding theory and algebraic geometry$h[e-book] :$bproceedings of the international workshop held in Luminy, France, june 17-21, 1991 /$cedited by Henning Stichtenoth, Michael A. Tsfasman 260 $aBerlin :$bSpringer,$c1992 300 $a1 online resource (viii, 232 p.) 440 0$aLecture Notes in Mathematics,$x0075-8434 ;$v1518 650 0$aMathematics 650 0$aChemistry$xMathematics 650 0$aGeometry, algebraic 650 0$aNumber theory 700 1 $aStichtenoth, Henning 700 1 $aTsfasman, Michael A. 773 0 $aSpringer eBooks 856 40$uhttp://dx.doi.org/10.1007/BFb0087986$zAn electronic book accessible through the World Wide Web 907 $a.b14142703$b03-03-22$c05-09-13 912 $a991002238219707536 996 $aCoding theory and algebraic geometry$9262348 997 $aUNISALENTO 998 $ale013$b05-09-13$cm$d@ $e-$feng$gde $h0$i0 LEADER 03400nam 2200625 a 450 001 9910966191103321 005 20251117094625.0 010 $a1-283-36598-7 010 $a9786613365989 010 $a90-04-21443-7 024 7 $a10.1163/9789004214439 035 $a(CKB)2550000000073711 035 $a(EBL)1010599 035 $a(OCoLC)775468405 035 $a(SSID)ssj0000566186 035 $a(PQKBManifestationID)11973694 035 $a(PQKBTitleCode)TC0000566186 035 $a(PQKBWorkID)10534213 035 $a(PQKB)11731336 035 $a(MiAaPQ)EBC1010599 035 $a(nllekb)BRILL9789004214439 035 $a(Au-PeEL)EBL1010599 035 $a(CaPaEBR)ebr10518818 035 $a(CaONFJC)MIL336598 035 $a(PPN)170736113 035 $a(EXLCZ)992550000000073711 100 $a20110915d2012 uy 0 101 0 $aeng 135 $aur||||||||||| 181 $ctxt$2rdacontent 182 $cc$2rdamedia 183 $acr$2rdacarrier 200 10$aTextual research on the Psalms and Gospels $epapers from the Tbilisi Colloquium on the Editing and History of Biblical Manuscripts /$fedited by Christian-B. Amphoux, J. Keith Elliott, with Bernard Outtier = Recherches textuelles sur les Psaumes et les Evangiles : actes du colloque de Tbilisi, 19-20 septembre 2007 / [edite? par] Christian-B. Amphoux, J. Keith Elliott, avec Bernard Outtier 205 $a1st ed. 210 $aLeiden ;$aBoston $cBrill$d2012 215 $a1 online resource (298 pages) 225 1 $aSupplements to Novum Testamentum,$x0167-9732 ;$vv. 142 300 $aDescription based upon print version of record. 311 08$a90-04-20927-1 320 $aIncludes bibliographical references and indexes. 327 $apt. 1. The Psalms = Psaumes -- pt. 2. The gospels = E?vangiles. 330 $aRecent research on the text of the Psalms and Gospels in Greek and in certain versions, principally Coptic, Georgian and Armenian, reveals common characteristics when attempting to separate later editions of a text from its earliest forms. The essays in this collection give concrete examples of the issues involved and suggested explanations for textual changes. Les versions anciennes de la Bible ont un intérêt majeur dans la mesure où elles traduisent un modèle qui n'est pas celui des traductions modernes et conservent ainsi des formes textuelles disparues, souvent très anciennes. C'est en particulier le cas des versions géorgiennes, pour lesquelles des convergences sont apparues entre les recherches menées à Tbilisi et dans diverses équipes européennes. Centré sur les psaumes et les évangiles, le colloque a réuni des communications concernant diverses langues de versions anciennes, en particulier le géogien, mais aussi le copte, le syriaque, l'arménien et l'albanien du Caucase, à partir du grec de la Septante et du Nouveau Testament. 410 0$aSupplements to Novum Testamentum ;$vv. 142. 517 3 $aRecherches textuelles sur les Psaumes et les Evangiles 676 $a226/.4046 701 $aAmphoux$b Christian-Bernard$01862039 701 $aElliott$b J. K$g(James Keith)$0171578 701 $aOuttier$b Bernard$f1941-$0292893 801 0$bMiAaPQ 801 1$bMiAaPQ 801 2$bMiAaPQ 906 $aBOOK 912 $a9910966191103321 996 $aTextual research on the Psalms and Gospels$94468292 997 $aUNINA